[Event "Amagermesterskabet Mester 2013"]
[Site "Sundbyoster"]
[Date "2013.10.22"]
[Round "7"]
[White "Svensson, John Michael"]
[Black "Nielsen, Jorgen Kamp"]
[Result "1/2-1/2"]
[WhiteElo "1614"]
[BlackElo "1595"]
[PlyCount "71"]
[EventDate "2013.??.??"]

1. d4 Nf6 2. Nf3 g6 3. c3 Bg7 4. g3 b6 5. Bg2 Bb7 6. O-O O-O 7. Re1 d6 8. Nbd2
Ne4 9. Ng5 d5 10. Ngxe4 dxe4 11. Nxe4 Qc8 12. Bf4 Rd8 13. Qc2 Na6 14. Rad1 c5
15. dxc5 Rxd1 16. Rxd1 Nxc5 17. Nxc5 Bxg2 18. Kxg2 Qxc5 19. Be3 Qc4 20. a3 Rc8
21. Qd3 Qc6+ 22. Qd5 Qa8 23. Qxa8 Rxa8 24. Rd7 e6 25. Bd4 Bh6 26. e3 Kf8 27.
Bf6 Ke8 28. Rd3 Bf8 29. b4 b5 30. Kf3 Be7 31. Bxe7 Kxe7 32. Ke2 Rc8 33. Kd2 Rc4
34. Rd4 Rc6 35. Kd3 Ra6 36. Ke2 1/2-1/2

[Event "Amagermesterskabet Mester 2013"]
[Site "Sundbyoster"]
[Date "2013.11.05"]
[Round "8"]
[White "Brorsen, Jacob Abildlund"]
[Black "Svensson, John Michael"]
[Result "1-0"]
[WhiteElo "2125"]
[BlackElo "1614"]
[PlyCount "63"]
[EventDate "2013.??.??"]

1. e4 g6 2. Nc3 Bg7 3. h4 h6 4. d4 e5 5. dxe5 Bxe5 6. Bc4 Bxc3+ 7. bxc3 Nc6 8.
Nf3 Qe7 9. O-O b6 10. Bf4 Na5 11. Bd5 c6 12. Bd6 Qd8 13. Re1 Nb7 14. Ba3 c5 15.
h5 g5 16. c4 Ne7 17. Bb2 O-O 18. Qd2 Nxd5 19. cxd5 d6 20. e5 Bg4 21. e6 fxe6
22. dxe6 Qe7 23. Qc3 Kh7 24. Qd3+ Bf5 25. Qc4 Rae8 26. g4 d5 27. Qxd5 Bxg4 28.
Rad1 Bxe6 29. Rxe6 Qxe6 30. Qxe6 Rxe6 31. Rd7+ Kg8 32. Rg7+ 1-0

[Event "Amagermesterskabet Mester 2013"]
[Site "Sundbyoster"]
[Date "2013.11.05"]
[Round "8"]
[White "Petersen, Nils"]
[Black "Lontoft, Sven"]
[Result "1-0"]
[WhiteElo "1891"]
[BlackElo "1689"]
[PlyCount "107"]
[EventDate "2013.??.??"]

1. c4 Nf6 2. g3 c6 3. Nf3 d5 4. Bg2 dxc4 5. O-O g6 6. Na3 Bg7 7. Nxc4 O-O 8. d3
Nbd7 9. Bd2 Nd5 10. Qc2 Re8 11. e4 Nc7 12. Bc3 Nf6 13. b3 Nb5 14. Bb2 c5 15.
Nce5 Qb6 16. Rfc1 Nd4 17. Nxd4 cxd4 18. Qc4 Qe6 19. Qxe6 Bxe6 20. Nf3 Bg4 21.
Rc7 b5 22. Rac1 e5 23. Nxe5 Rxe5 24. f4 Ne8 25. fxe5 Nxc7 26. Rxc7 Bxe5 27. Rc5
Bg7 28. e5 Bf8 29. Rc7 Rd8 30. Rxa7 Bh6 31. Ra8 Rxa8 32. Bxa8 Be2 33. Bxd4 Bxd3
34. a4 bxa4 35. bxa4 Kf8 36. Bd5 Bd2 37. Kf2 Ke7 38. Bc5+ Ke8 39. Bc6+ Kd8 40.
Bd6 Bc4 41. Bb5 Bd5 42. Ke2 Bg5 43. Kd3 f5 44. Kd4 Be6 45. a5 f4 46. Ke4 Bf5+
47. Kf3 fxg3 48. hxg3 Be7 49. Bxe7+ Kxe7 50. a6 Bc8 51. Ke4 h5 52. Kd5 g5 53.
a7 Bb7+ 54. Bc6 1-0